| 000 | 00000nam 2200000za 4500 |
| 001 | 9.816939 |
| 003 | CaOODSP |
| 005 | 20221107142348 |
| 007 | cr ||||||||||| |
| 008 | 160505s2007 onc |o f|0| 0 fre d |
| 040 | |aCaOODSP|bfre |
| 043 | |an-cn--- |
| 086 | 1 |aSG5-53/2007F-PDF |
| 245 | 04|aLes soins prodigués avec compassion en période de difficulté |h[ressource électronique]. |
| 260 | |a[Ottawa] : |bService Canada, |c2007. |
| 300 | |a[1] p. : |bphotos. |
| 500 | |aPublié aussi en anglais sous le titre : In difficult times, compassionate care. |
| 500 | |a1 feuille (texte français, [1] p.). |
| 692 | 07|2gccst|aAssurance-emploi |
| 710 | 1 |aCanada. |bService Canada. |
| 775 | 08|tIn diffictult times, compassionate care |w(CaOODSP)9.816938 |
| 856 | 40|qPDF|s74 Ko|uhttps://publications.gc.ca/collections/collection_2016/servcan/SG5-53-2007-fra.pdf |
| 986 | |aIN-063-03-07 |